000 00549nam a2200217Ia 4500
003 OSt
005 20220924135011.0
006 a|||||r|||| 00| 0
007 ta
008 220923b |||||||| |||| 00| 0 ben d
024 _a288213
037 _cTextual
040 _aARTS
_cARTS
_bben
041 _2ben
_aben
082 _aN8262xM65:1, 157K9.1
100 _aSen Rajnikant
_9209656
245 0 _aKangeet leepi
260 _c1969
942 _hN8262xM65:1, 157K9.1
_cTEXL
_2CC
999 _c439419
_d439419